|
|
|
|
| LEADER |
00000cam a2200000 c 4500 |
| 001 |
212647326 |
| 003 |
DE-627 |
| 005 |
20260206193848.0 |
| 007 |
tu |
| 008 |
960706s1996 gw ||||| m 00| ||ger c |
| 015 |
|
|
|a 96,A29,0399
|2 dnb
|
| 016 |
7 |
|
|a 947288317
|2 DE-101
|
| 020 |
|
|
|a 3883601195
|c : DM 34.00 (kart.)
|9 3-88360-119-5
|
| 035 |
|
|
|a (DE-627)212647326
|
| 035 |
|
|
|a (DE-603)057303347
|
| 035 |
|
|
|a (DE-576)051368056
|
| 035 |
|
|
|a (DE-599)DNB947288317
|
| 035 |
|
|
|a (OCoLC)75715760
|
| 035 |
|
|
|a (OCoLC)75715760
|
| 035 |
|
|
|a (DE-604)8108405095
|
| 040 |
|
|
|a DE-627
|b ger
|c DE-627
|e rakwb
|
| 041 |
|
|
|a ger
|
| 044 |
|
|
|c XA-DE
|
| 084 |
|
|
|a 14
|a 22
|a 11
|2 sdnb
|
| 084 |
|
|
|a DG 3000
|2 rvk
|0 (DE-625)rvk/19555:
|
| 084 |
|
|
|a DG 8000
|2 rvk
|0 (DE-625)rvk/19561:
|
| 084 |
|
|
|a DS 7150
|2 rvk
|0 (DE-625)rvk/19960:
|
| 084 |
|
|
|a 80.83
|2 bkl
|
| 084 |
|
|
|a 79.03
|2 bkl
|
| 100 |
1 |
|
|8 1\p
|a Baur, Werner
|d 1961-
|0 (DE-588)142826979
|0 (DE-627)704320606
|0 (DE-576)333600762
|4 aut
|
| 109 |
|
|
|a Baur, Werner 1961-
|
| 245 |
1 |
0 |
|a Zwischen Totalversorgung und der Strasse
|b Langzeitwirkungen öffentlicher Erziehung ; eine qualitative Studie zu Lebenslauf, Individuallage und Habitus eines ehemaligen Heimzöglings
|c Werner Baur
|
| 264 |
|
1 |
|a Langenau [u.a.]
|b Vaas
|c 1996
|
| 300 |
|
|
|a 256 S
|b graph. Darst
|c 21 cm
|
| 336 |
|
|
|a Text
|b txt
|2 rdacontent
|
| 337 |
|
|
|a ohne Hilfsmittel zu benutzen
|b n
|2 rdamedia
|
| 338 |
|
|
|a Band
|b nc
|2 rdacarrier
|
| 502 |
|
|
|a Zugl.: Tübingen, Univ., Diss., 1995
|
| 505 |
8 |
|
|a Literaturangaben
|
| 505 |
8 |
|
|a Literaturverz. S. 253 - 256
|
| 505 |
8 |
|
|a Literaturverz. S. 253 - 256
|
| 583 |
1 |
|
|a Archivierung/Langzeitarchivierung gewährleistet
|f PEBW
|x XA-DE-BW
|2 pdager
|5 DE-24
|
| 583 |
1 |
|
|a Archivierung prüfen
|c 20240324
|f DE-4165
|z 3
|2 pdager
|
| 583 |
1 |
|
|a Archivierung/Langzeitarchivierung gewährleistet
|f DISS
|x XA-DE-BW
|2 pdager
|5 DE-21
|
| 655 |
|
7 |
|a Hochschulschrift
|0 (DE-588)4113937-9
|0 (DE-627)105825778
|0 (DE-576)209480580
|2 gnd-content
|
| 689 |
0 |
0 |
|d s
|0 (DE-588)4034869-6
|0 (DE-627)106250485
|0 (DE-576)209009527
|a Lebenslauf
|2 gnd
|
| 689 |
0 |
1 |
|d s
|0 (DE-588)4130642-9
|0 (DE-627)105701041
|0 (DE-576)209620706
|a Lebensbedingungen
|2 gnd
|
| 689 |
0 |
2 |
|d s
|0 (DE-588)4024137-3
|0 (DE-627)10630027X
|0 (DE-576)208953299
|a Heimerziehung
|2 gnd
|
| 689 |
0 |
|
|5 DE-101
|
| 751 |
|
|
|a Tübingen
|0 (DE-588)4061147-4
|0 (DE-627)106136933
|0 (DE-576)209138351
|4 uvp
|
| 856 |
4 |
2 |
|u http://www.gbv.de/dms/hbz/toc/ht007146575.pdf
|m V:DE-605
|q pdf/application
|v 2008-11-15
|x Verlag
|y Inhaltsverzeichnis
|3 Inhaltsverzeichnis
|7 1
|
| 856 |
4 |
2 |
|u http://scans.hebis.de/HEBCGI/show.pl?05730334_toc.pdf
|m V:DE-605
|q application/pdf
|3 Inhaltsverzeichnis
|7 1
|
| 883 |
|
|
|8 1\p
|a cgwrk
|d 20241001
|q DE-101
|u https://d-nb.info/provenance/plan#cgwrk
|
| 935 |
|
|
|i Blocktest
|
| 935 |
|
|
|h HEB
|i 0501
|
| 935 |
|
|
|h HEB
|i 0503
|
| 936 |
r |
v |
|a DG 3000
|b Heimerziehung (und Alternativen)
|k Pädagogik
|k Spezialfragen der Erziehung
|k Heimerziehung (und Alternativen)
|0 (DE-627)1270707035
|0 (DE-625)rvk/19555:
|0 (DE-576)200707035
|
| 936 |
r |
v |
|a DG 8000
|b Jugendkriminalität, Fürsorgeerziehung, Resozialisierung
|k Pädagogik
|k Spezialfragen der Erziehung
|k Jugendkriminalität, Fürsorgeerziehung, Resozialisierung
|0 (DE-627)1270769502
|0 (DE-625)rvk/19561:
|0 (DE-576)200769502
|
| 936 |
r |
v |
|a DS 7150
|b Intervention in der Jugendhilfe (Erziehungshilfen, Arbeit in Heimen)
|k Pädagogik
|k Sozialpädagogik, Sozialarbeit
|k Berufsfelder
|k Jugendhilfe
|k Intervention in der Jugendhilfe (Erziehungshilfen, Arbeit in Heimen)
|0 (DE-627)1270784420
|0 (DE-625)rvk/19960:
|0 (DE-576)200784420
|
| 936 |
b |
k |
|a 80.83
|j Erziehung in Erziehungseinrichtungen
|0 (DE-627)106414593
|
| 936 |
b |
k |
|a 79.03
|j Methoden und Techniken der Sozialpädagogik und Sozialarbeit
|0 (DE-627)106421948
|
| 936 |
s |
n |
|a d100
|2 mzub
|
| 936 |
s |
n |
|a m200
|2 mzub
|
| 936 |
s |
n |
|a c200
|2 mzub
|
| 951 |
|
|
|a BO
|
| ELC |
|
|
|b 1
|
| LOK |
|
|
|0 000 xxxxxcx a22 zn 4500
|
| LOK |
|
|
|0 001 3113636469
|
| LOK |
|
|
|0 003 DE-627
|
| LOK |
|
|
|0 004 212647326
|
| LOK |
|
|
|0 005 20151116135830
|
| LOK |
|
|
|0 008 150728||||||||||||||||ger|||||||
|
| LOK |
|
|
|0 035
|a (DE-21-110)kd53719
|
| LOK |
|
|
|0 040
|a DE-21-110
|c DE-627
|d DE-21-110
|
| LOK |
|
|
|0 689
|a s
|a Heimerziehung
|
| LOK |
|
|
|0 689
|a s
|a Straßenjugendliche
|
| LOK |
|
|
|0 689
|a s
|a Wirkungen
|
| LOK |
|
|
|0 852
|z Kein Bestand am IfK; Nachweis für KrimDok
|
| LOK |
|
|
|0 852
|a DE-21-110
|
| LOK |
|
|
|0 852 1
|9 00
|
| LOK |
|
|
|0 935
|a k110
|
| LOK |
|
|
|0 939
|a 28-07-15
|b l01
|
| ORI |
|
|
|a SA-MARC-krimdoka001.raw
|